000 00558nam a22001577a 4500
003 OSt
005 20150917103826.0
008 150917b xxu||||| |||| 00| 0 eng d
040 _cRUA
082 _aAGR SIV 2004 B030 Or.1
100 _9651
_aSIV, MAKARA.
245 _astudy on the disesase and pest management on corns (សិក្សាអំពីការគ្រប់គ្រងជំងឺ និង​ សត្វស្អិកលើដំណាំពោត)
260 _aPhnom Penh
_bRUA
_c2004
300 _a45p.
_bill.
_c29cm.
942 _2ddc
_cAGR
999 _c623
_d623